<?xml version="1.0" encoding="UTF-8"?>
<record
    xmlns:xsi="http://www.w3.org/2001/XMLSchema-instance"
    xsi:schemaLocation="http://www.loc.gov/MARC21/slim http://www.loc.gov/standards/marcxml/schema/MARC21slim.xsd"
    xmlns="http://www.loc.gov/MARC21/slim">

  <leader>00991nab a2200241uuc4500</leader>
  <controlfield tag="001">1378096</controlfield>
  <controlfield tag="005">20240202115227.0</controlfield>
  <controlfield tag="008">140715e20140105                    spa  </controlfield>
  <datafield tag="035" ind1=" " ind2=" ">
    <subfield code="a">1378096</subfield>
  </datafield>
  <datafield tag="040" ind1=" " ind2=" ">
    <subfield code="c">comduadb</subfield>
  </datafield>
  <datafield tag="041" ind1=" " ind2=" ">
    <subfield code="a">spa</subfield>
  </datafield>
  <datafield tag="100" ind1="1" ind2="0">
    <subfield code="a">Cacciamali, Maria Cristina</subfield>
    <subfield code="4">aut</subfield>
    <subfield code="e">aut</subfield>
    <subfield code="9">294597</subfield>
  </datafield>
  <datafield tag="245" ind1="1" ind2="0">
    <subfield code="a">&#xBF;Hubo cambios en la pol&#xED;tica social de los gobiernos de la "nueva izquierda" en Am&#xE9;rica latina?</subfield>
  </datafield>
  <datafield tag="650" ind1=" " ind2=" ">
    <subfield code="a">Am&#xE9;rica Latina - Aspectos sociopol&#xED;ticos</subfield>
    <subfield code="9">10635</subfield>
  </datafield>
  <datafield tag="650" ind1=" " ind2=" ">
    <subfield code="a">Am&#xE9;rica Latina - Aspectos socioculturales</subfield>
    <subfield code="9">143548</subfield>
  </datafield>
  <datafield tag="650" ind1=" " ind2=" ">
    <subfield code="a">Am&#xE9;rica Latina - Aspectos pol&#xED;ticos</subfield>
    <subfield code="9">34304</subfield>
  </datafield>
  <datafield tag="650" ind1=" " ind2=" ">
    <subfield code="a">Izquierda (Pol&#xED;tica) - Am&#xE9;rica Latina</subfield>
    <subfield code="9">110841</subfield>
  </datafield>
  <datafield tag="650" ind1=" " ind2="7">
    <subfield code="a">Pol&#xED;tica social</subfield>
    <subfield code="z">Am&#xE9;rica Latina</subfield>
    <subfield code="2">lemb</subfield>
    <subfield code="9">200271</subfield>
  </datafield>
  <datafield tag="700" ind1="1" ind2="0">
    <subfield code="a">Cury, Eduardo Luiz</subfield>
    <subfield code="4">aut</subfield>
    <subfield code="e">aut</subfield>
    <subfield code="9">682170</subfield>
  </datafield>
  <datafield tag="700" ind1="1" ind2="0">
    <subfield code="a">Campos, Andr&#xE9; Gambier</subfield>
    <subfield code="4">aut</subfield>
    <subfield code="e">aut</subfield>
    <subfield code="9">716796</subfield>
  </datafield>
  <datafield tag="773" ind1="0" ind2=" ">
    <subfield code="t">Cuadernos Americanos (M&#xE9;xico)</subfield>
    <subfield code="g">Volumen 001, N&#xFA;mero 147, Enero-Marzo 2014, p. 11-38</subfield>
    <subfield code="w">116900</subfield>
    <subfield code="z">0185156X</subfield>
    <subfield code="0">68748</subfield>
  </datafield>
  <datafield tag="942" ind1=" " ind2=" ">
    <subfield code="c">ARIMP</subfield>
  </datafield>
  <datafield tag="999" ind1=" " ind2=" ">
    <subfield code="c">686195</subfield>
    <subfield code="d">686195</subfield>
  </datafield>
</record>
